Alcatraz : (Record no. 110266)
[ view plain ]
| 000 -CABECERA | |
|---|---|
| campo de control de longitud fija | 01012ngm a2200193 a 4500 |
| 005 - FECHA Y HORA DE LA ÚLTIMA TRANSACCIÓN | |
| campo de control | 20210223125623.0 |
| 008 - ELEMENTOS DE LONGITUD FIJA--INFORMACIÓN GENERAL | |
| campo de control de longitud fija | 050418s2003 mx 120 d daspa d |
| 035 ## - NÚMERO DE CONTROL DEL SISTEMA | |
| Número de control de sistema | UPN01000138118 |
| 049 ## - COLECCIÓN | |
| Colección | AV |
| 050 #4 - SIGNATURA TOPOGRÁFICA DE LA BIBLIOTECA DEL CONGRESO | |
| Número de clasificación | DVD HV 10 |
| 245 00 - MENCIÓN DE TÍTULO | |
| Título | Alcatraz : |
| Resto del título | el escape más famoso de la historia americana. |
| 260 ## - PUBLICACIÓN, DISTRIBUCIÓN, ETC. | |
| Lugar de publicación, distribución, etc. | [EUA] : |
| Nombre del editor, distribuidor, etc. | The history channel : |
| -- | USA video, |
| Fecha de publicación, distribución, etc. | c2003. |
| 300 ## - DESCRIPCIÓN FÍSICA | |
| Extensión | 1 DVD (120 min.) : |
| Otras características físicas | son. col. ; |
| Dimensiones | 4 3/4 plg. |
| 500 ## - NOTA GENERAL | |
| Nota general | "El material incluye: entrevistas en inglés subtituladas en español" |
| 520 ## - NOTA DE RESUMEN, ETC. | |
| Sumario, etc. | Descubriremos como tres hombres planearon y ejecutaron su escape, además este DVD explora muchas preguntas sin respuesta : ¿cómo ocultaron su trabajo de escape ante los guardias por casi un año, cómo terminaron su escape a pesar de las terribles aguas de la bahía y asi sobrevivieron, cómo evitaron la detección por agentes del FBI? |
| 651 #4 - ASIENTO SECUNDARIO DE MATERIA - NOMBRE GEOGRAFICO | |
| Nombre geográfico | CALIFORNIA, ESTADOS UNIDOS - |
| Subdivisión general | PRISIONES Y REFORMATORIOS |
| 9 (RLIN) | 298 |
| 650 #4 - ASIENTO SECUNDARIO DE MATERIA - TERMINO TEMATICO | |
| Término de materia o nombre geográfico como elemento de entrada | PRISIONES - |
| Subdivisión geográfica | ESTADOS UNIDOS |
| 905 ## - TIPO DE MATERIAL | |
| Tipo de material | Electrónico |
| Estado de retiro | Estado de pérdida | Fuente del sistema de clasificación o colocación | Estado dañado | No para préstamo | Código de colección | Localización permanente | Ubicación/localización actual | Ubicación en estantería | Total de préstamos | Clasificación | Código de barras | Fecha visto por última vez | Número de copia | Tipo de ítem Koha |
|---|---|---|---|---|---|---|---|---|---|---|---|---|---|---|
| Library of Congress Classification | Audiovisuales | Bib. Gregorio Torres Quintero | Bib. Gregorio Torres Quintero | Audiovisual | DVD HV 10 | 227879 | 31/12/2020 | 1 | Formato Digital |
